Comentario resolutorio de usuras, sobre el cap. primero de la question iij de la xiiij. causa.

Detalles Bibliográficos
Autor principal: AZPILCUETA NAVARRO, Martín de
Formato: Libro
Publicado: Salamanca 1557
Materias:
Colección:Banco de datos
Acervo:Biblioteca del Museo Regional de Querétaro. INAH. Querétaro
Tema general:Derecho Civil
Notas:Buena. Colegio de San Ildefonso. 1G4, 8b.
LEADER 00739nam a22001930004500
035 |a 32608 
036 |a 52 
100 1 |a AZPILCUETA NAVARRO, Martín de 
245 1 0 |a Comentario resolutorio de usuras, sobre el cap. primero de la question iij de la xiiij. causa. 
260 |a Salamanca  |b Andrés de Portonario imp.  |c 1557 
500 |a Buena. Colegio de San Ildefonso. 1G4, 8b. 
650 1 0 |a Derecho Civil 
949 |a C.R.Q. 
959 |a Ex convento Grande de San Francisco de la ciudad de Querétaro, Museo Regional de Querétaro  |b CCC2 
960 |a Varios convento, Querétaro  |b DD82 
961 |a Varias Ordenes Religiosas  |b VO 
942 |c C.R.Q. 
943 |g Biblioteca del Museo Regional de Querétaro. INAH. Querétaro 
999 |c 988924  |d 988924